[Event "Koblenz-ch"]
[Site "Koblenz"]
[Date "2000.08.29"]
[Round "1"]
[White "Raschke, Jochen"]
[Black "Fried, Annika"]
[Result "1-0"]
[WhiteElo "1844"]
[BlackElo "1482"]
[PlyCount "65"]
[EventDate "2000.08.29"]
[EventType "swiss"]
[EventRounds "7"]
[EventCountry "GER"]
[SourceTitle "EXT 2005"]
[Source "ChessBase"]
[SourceDate "2004.11.15"]
[SourceVersion "1"]
[SourceVersionDate "2004.11.15"]
[SourceQuality "1"]

1. d4 g6 2. c4 Bg7 3. Nc3 d6 4. e4 Nc6 5. d5 Nd4 6. Be3 c5 7. dxc6 Nxc6 8. Nge2 Nf6 9. h3 a6 10. Rc1 Qc7 11. Ng3 0-0 12. Be2 Nd7 13. 0-0 e6 14. Qd2 Rd8 15. b3 Ne7 16. Rfd1 Ne5 17. Na4 Qc6 18. f4 Nd7 19. Qxd6 Qxd6 20. Rxd6 Nc6 21. Rcd1 Bf8 22. R6d3 b5 23. Nb6 Nxb6 24. Rxd8 Nxd8 25. Bxb6 Nb7 26. Bf3 Rb8 27. Bc7 Bc5+ 28. Kf1 Ra8 29. e5 h6 30. Ne4 Ra7 31. Nxc5 Nxc5 32. Rd8+ Kg7 33. Rxc8 1-0